01005 2200457 4500001002100000005001500021035002000036008004100056245002800097100001700125250000600142260003100148300003700179020001800216084001400234082000800248650001500256990001200271990001200283990001200295990001200307990001200319990001200331990001200343990001200355990001200367990001200379990001200391990001200403990001200415990001200427990001200439990001200451990001200463990001200475990001200487990001200499990001200511990001200523990001200535INLIS00000000000140220240802105622 a0010-0824000008240802 0 ind 1 aBiologi /cD.A. Pratiwi aPratiwi D.A. a3 aJakarta :bErlangga,c2006 a218 hlm :bilus. ;c17.5 x 25 cm a979-781-728-8 a570 PRA b a570 4aBuku Paket a0713742 a0713743 a0713744 a0713745 a0713746 a0713747 a0713748 a0713749 a0713750 a0713751 a0713752 a0713753 a0713754 a0713755 a0713756 a0713757 a0713758 a0713759 a0713760 a0713761 a0713762 a0713763 a0713764